Statystyki dla państwo po samochodzie - quiz o samochodach #20

Kliknij tutaj aby rozwiązać quiz!

Ogólne statystyki

  • Ten quiz został rozwiązany 9 razy
  • Średni wynik to 14 z 16

Statystyki odpowiedzi

Odpowiedź% Poprawnych
Francja
100%
Japonia
100%
Japonia
100%
Japonia
100%
Niemcy
100%
Niemcy
100%
Niemcy
100%
Stany Zjednoczone
100%
Włochy
100%
Korea Południowa
86%
Rosja
86%
Stany Zjednoczone
86%
Szwecja
86%
Wielka Brytania
71%
Stany Zjednoczone
57%
Wielka Brytania
57%

Rozkład punktacji

Percentyl według liczby udzielonych odpowiedzi

Procent ludzi z każdym wynikiem

Twoja historia wyników

Nie rozwiązałeś tego quizu